• 首页
  • 本馆介绍
  • 公告通知
  • 最新文献
  • 馆藏检索
  • 电子资源
  • 读者导购
  • 参考咨询
  • 我的图书馆
  • 登录
  • 详细信息显示
  • 放入我的书架
  • 预约/预借图书
  • 作者相关作品
  • 分类相关作品
  • 丛书相关作品
  • 出版社相关作品

书目信息

  • 表格格式
  • 工作单格式
  • 卡片格式
题名:
茶经全集
    
 
作者: 陆羽 著 ;陆廷灿 辑 ;线装藏书馆编委会 整理
分册: 卷二  
出版信息: 北京   线装书局  2014
页数: 73-150页
开本: 30cm
丛书名:
单 册:
中图分类: S571.1 , TS971.21
科图分类:
主题词: 茶文化--中国--古代
电子资源:
ISBN: 978-7-5120-1280-6
000 00987nam0 2200277 45
001 012001002512
005 20191121141218.14
010    @a978-7-5120-1280-6@b线装@dCNY74.50
100    @a20141010d2014 em y0chiy50 ea
101 0  @achi
102    @aCN@b110000
105    @aa z 000yy
106    @ar
200 1  @a茶经全集@Acha jing quan ji@f(唐)陆羽著@g(清)陆廷灿辑@h卷二@g《线装藏书馆》编委会整理@F( Tang) Lu Yu Zhu@PTLYZ
210    @a北京@c线装书局@d2014
215    @a73-150页@c图@d30cm
330    @a本书阐释了我国古代的茶道、茶艺、茶礼等相关内容,具有很高的可读性和启发性,对传承我国传统文化有大的积极作用。
605    @a《茶经》@j通俗读物
606 0  @a茶文化@y中国@z古代
690    @aS571.1@v5
690    @aTS971.21@v5
701  0 @c(唐)@a陆羽@Alu yu@f(733~804)@4著
702  0 @c(清)@a陆廷灿@Alu ting can ji@4辑
712 02 @a线装藏书馆编委会@Axian zhuang cang shu guan bian wei hui@4整理
801  0 @aCN@b北京卓展@c20191020
905    @b1203709-10@dS571.1@e101:2@f2
    
    茶经全集/(唐)陆羽著/(清)陆廷灿辑.卷二/《线装藏书馆》编委会整理.-北京:线装书局,2014
    73-150页:图;30cm
    
    
    ISBN 978-7-5120-1280-6(线装):CNY74.50
    本书阐释了我国古代的茶道、茶艺、茶礼等相关内容,具有很高的可读性和启发性,对传承我国传统文化有大的积极作用。
●
相关链接 在E读中查询图书 在五车中查询图书 在当当中查询图书 在豆瓣中查询图书


正题名:茶经全集     索取号:S571.1/101:2         预约/预借

序号 登录号 条形码 馆藏地/架位号 状态 备注
1 1203709   212037099   第二样本阅览室/ [索取号:S571.1/101:2] 在馆    
2 1203710   212037106   第三借阅区/ [索取号:S571.1/101:2] 在馆    
唐山师范学院图书馆 欢迎您!
大连网信软件有限公司© 版权所有